000 01063nam a2200265 a 4500
001 BRCA_6041
005 20190321142922.0
008 120511m19271928fr-a######---#000-0#fre-#
041 _afre
044 _afr
050 4 _b.C65 1927
245 1 0 _aCollection de Monsieur H. B.
260 _aParís
_bGalerie Georges Petit
_c1927-1928
300 _a2 v.
_bil., láminas
_c28 cm.
500 _aIncluye índice de artistas
500 _aEn el inventario los catálogos están identificados como CA6 (2 v.) y en cada libro como CA6a y CA6b
500 _aCatálogo de subasta inventariado por Banco de México como libro
500 _aCA6
505 0 _aContenido: v.1. Catalogue des très Belles Estampes du XVIIIe siècle. -- v.2. Catalogue des très Beaux Portraits des XVIIe, XVIIIe et XIXe siècles
600 1 4 _aH. B., Monsieur
_xColecciones privadas
_915239
650 1 4 _aEstampas
_vCatálogos
_xColecciones privadas
_ySiglo XVIII
_915240
650 1 4 _aRetratos
_vCatálogos
_xColecciones privadas
_ySiglo XVII-XIX
_915241
902 _aGFM
942 _2lcc
_cB
999 _c5729
_d5729